00337nam a2200121Ia 4500008004100000020001400041050001500055100002100070245004600091260004100137300002400178650001300202150202s9999 xx 000 0 und d a345329341 aFIC bFIC  aHambly, Barbara. 4aThe witches of Wenshar /cBarbara Hambly. aNew York :bBallantine Books,c1987. a339 pages :c18 cm. aFiction.